<?xml version="1.0" encoding="UTF-8"?>
<record
    xmlns:xsi="http://www.w3.org/2001/XMLSchema-instance"
    xsi:schemaLocation="http://www.loc.gov/MARC21/slim http://www.loc.gov/standards/marcxml/schema/MARC21slim.xsd"
    xmlns="http://www.loc.gov/MARC21/slim">

  <leader>02062nam a22002894a 4500</leader>
  <controlfield tag="001">491</controlfield>
  <controlfield tag="003">BR-RjBN</controlfield>
  <controlfield tag="005">20260128162701.0</controlfield>
  <controlfield tag="008">100071s2000    rjb    j      000 0 por d</controlfield>
  <datafield tag="020" ind1=" " ind2=" ">
    <subfield code="a">8532511015</subfield>
  </datafield>
  <datafield tag="040" ind1=" " ind2=" ">
    <subfield code="b">por</subfield>
  </datafield>
  <datafield tag="041" ind1="1" ind2=" ">
    <subfield code="a">por</subfield>
    <subfield code="h">eng</subfield>
  </datafield>
  <datafield tag="082" ind1="0" ind2="4">
    <subfield code="a">028.5</subfield>
    <subfield code="b">R884h</subfield>
  </datafield>
  <datafield tag="100" ind1=" " ind2=" ">
    <subfield code="a">Rowling, J. K.,</subfield>
    <subfield code="d">1965-</subfield>
    <subfield code="9">1060</subfield>
  </datafield>
  <datafield tag="240" ind1="0" ind2="0">
    <subfield code="a">Harry Potter and the philosopher's stone.</subfield>
  </datafield>
  <datafield tag="245" ind1="1" ind2="0">
    <subfield code="a">Harry Potter e a pedra filosofal /</subfield>
    <subfield code="c">J. K. Rowling ; tradu&#xE7;&#xE3;o: Lia Wyler</subfield>
  </datafield>
  <datafield tag="260" ind1=" " ind2=" ">
    <subfield code="a">Rio de Janeiro :</subfield>
    <subfield code="b">Rocco,</subfield>
    <subfield code="c">2000.</subfield>
  </datafield>
  <datafield tag="300" ind1=" " ind2=" ">
    <subfield code="a">263p. ;</subfield>
  </datafield>
  <datafield tag="520" ind1=" " ind2=" ">
    <subfield code="a">Conhe&#xE7;a Harry, filho de Tiago e L&#xED;lian Potter, feiticeiros que foram assassinados por um poderos&#xED;ssimo bruxo, quando ele ainda era um beb&#xEA;. Com isso, o menino acaba sendo levado para a casa dos tios que nada tinham a ver com o sobrenatural pelo contr&#xE1;rio. At&#xE9; os 10 anos, Harry foi uma esp&#xE9;cie de gata borralheira: maltratado pelos tios, herdava roupas velhas do primo gorducho, tinha &#xF3;culos remendados e era tratado como um estorvo. No dia de seu anivers&#xE1;rio de 11 anos, entretanto, ele parece deslizar por um buraco sem fundo, como o de Alice no pa&#xED;s das maravilhas, que o conduz a um mundo m&#xE1;gico. Descobre sua verdadeira hist&#xF3;ria e seu destino: ser um aprendiz de feiticeiro at&#xE9; o dia em que ter&#xE1; que enfrentar a pior for&#xE7;a do mal, o homem que assassinou seus pais, o terr&#xED;vel Lorde das Trevas. O menino de olhos verdes, magricela e desengon&#xE7;ado, t&#xE3;o habituado &#xE0; rejei&#xE7;&#xE3;o, descobre, tamb&#xE9;m, que &#xE9; um her&#xF3;i no universo dos magos. Potter fica sabendo que &#xE9; a &#xFA;nica pessoa a ter sobrevivido a um ataque do tal bruxo do mal e essa &#xE9; a causa da marca em forma de raio que ele carrega na testa. Ele n&#xE3;o &#xE9; um garoto qualquer, ele sequer &#xE9; um feiticeiro qualquer; ele &#xE9; Harry Potter, s&#xED;mbolo de poder, resist&#xEA;ncia e um l&#xED;der natural entre os sobrenaturais.


</subfield>
  </datafield>
  <datafield tag="650" ind1=" " ind2="0">
    <subfield code="a">Infantojuvenil</subfield>
    <subfield code="9">200</subfield>
  </datafield>
  <datafield tag="650" ind1=" " ind2="0">
    <subfield code="a">Fantasia</subfield>
    <subfield code="9">45</subfield>
  </datafield>
  <datafield tag="650" ind1=" " ind2="0">
    <subfield code="a">Magia</subfield>
    <subfield code="9">785</subfield>
  </datafield>
  <datafield tag="700" ind1=" " ind2=" ">
    <subfield code="a">Wyler, Lia,</subfield>
    <subfield code="d">1934-2018</subfield>
    <subfield code="9">1061</subfield>
  </datafield>
  <datafield tag="830" ind1=" " ind2=" ">
    <subfield code="a">Harry Potter #1</subfield>
  </datafield>
  <datafield tag="942" ind1=" " ind2=" ">
    <subfield code="2">ddc</subfield>
    <subfield code="n">0</subfield>
    <subfield code="c">BK</subfield>
  </datafield>
  <datafield tag="952" ind1=" " ind2=" ">
    <subfield code="0">0</subfield>
    <subfield code="1">0</subfield>
    <subfield code="2">ddc</subfield>
    <subfield code="4">0</subfield>
    <subfield code="7">0</subfield>
    <subfield code="8">FIC</subfield>
    <subfield code="a">BIBIB</subfield>
    <subfield code="b">BIBIB</subfield>
    <subfield code="c">IJ</subfield>
    <subfield code="d">2026-01-28</subfield>
    <subfield code="e">doa&#xE7;&#xE3;o</subfield>
    <subfield code="l">0</subfield>
    <subfield code="o">028.5 / R884h</subfield>
    <subfield code="p">2026-17425</subfield>
    <subfield code="r">2026-01-28 14:48:30</subfield>
    <subfield code="w">2026-01-28</subfield>
    <subfield code="y">BK</subfield>
  </datafield>
  <datafield tag="990" ind1=" " ind2=" ">
    <subfield code="a">Livro</subfield>
  </datafield>
  <datafield tag="999" ind1=" " ind2=" ">
    <subfield code="c">491</subfield>
    <subfield code="d">491</subfield>
  </datafield>
</record>
